000 00686nam a2200241Ia 4500
003 OSt
005 20220918110500.0
006 a|||||r|||| 00| 0
007 ta
008 220915b |||||||| |||| 00| 0 eng d
024 _a57788
037 _cReference Collections
040 _aARTS
_cARTS
_beng
041 _2eng
_aeng
082 _aP152:4k, 111M3(RR)
100 _aMcGregor R S Ed.
_98018
245 0 _aOxford Hindi English dictionary edited by R S McGregor
260 _aOxford
_bO U P
_c1993
300 _axx, 1083p.
650 _aLINGUISTICS
942 _hP152:4k, 111M3(RR)
_cREF
999 _c113008
_d113008